01415cam a22003737a 4500003000500000005001700005008004100022010000900063011000900072035000900081040000900090090001000099100004400109245008600153260004000239300001000279500001000289502008100299590003700380590004100417590004100458590004100499590004200540650004200582650001800624650002900642901000700671942000900678949004100687949004600728999001500774952012500789952012700914CHAP20220329133351.0971013s1990 r 00010 d a5534 a6506 a5726 cCHAP aTesis00aCastañeda González, Eduardo.91990913aEl helecho acuático Azolla sp. como fuente de proteína para pollos de engorda aChapingo, Méx. :bEl autor,c1990 a49 h. a58-72 aTesis (Ing. Agrónomo Esp. en Zootecnia) -- UACH. Departamento de Zootecnia aALEPHb10c20130110lUCH01h1216 aBATCH-UPDb10c20130110lUCH01h1406 aBATCH-UPDb10c20130410lUCH01h0855 aBATCH-UPDb10c20130914lUCH01h0440 aCONVERSIONb10c20130109lUCH01h130414aAves de corralxAlimentación.9863814aAzolla.9912014aHarina de azolla.952695 aBK cFOLL bBCcTESd-15320eTS1h23101i5726si bBCcTESd-71725eTS2fc.2h23102i5726si c5534d5534 00102local4053708TESISaBCbBCcPA_TESISd2019-12-31fTESISl0p-71725r2019-12-31 00:00:00tc.2w2019-12-31yTESIS 00102local4051708TESISaBCbBCcPA_TESISd2019-12-31fTESISl0oTesisp-15320r2019-12-31 00:00:00w2019-12-31yTESIS